000 00620nam a2200253 a 4500
003 AR-BaBNM
005 20251128203052.0
008 082120s2002 ||||||||||||||000 | spa||
040 _cAR-BaBNM
100 1 _aGorostiza, Carlos
245 0 0 _aEl pan de la locura
250 _a1ª ed.
260 _aBuenos Aires
_bTalía
_c1958
300 _a67 p.
_bláms.
490 0 _aAmericana
_vv. 7
650 4 _aTEATRO POPULAR
650 4 _aLITERATURA CONTEMPORANEA
650 4 _aTEATRO ARGENTINO
653 _aCOSTUMBRISMO
653 _aTEATRO INDEPENDIENTE
655 _aLITERATURA
942 _cBK
998 _cMARTIN
999 _c1748
_d1748